Quiero un cambio : (Record no. 11072)

MARC details
000 -LEADER
fixed length control field 00566nam a22001697a 4500
008 - FIXED-LENGTH DATA ELEMENTS--GENERAL INFORMATION
fixed length control field 250901b ||||| |||| 00| 0 spa d
020 ## - INTERNATIONAL STANDARD BOOK NUMBER
International Standard Book Number 978-950-15-2468-0
040 ## - CATALOGING SOURCE
Original cataloging agency AR-FvUNAJ
Modifying agency AR-FvUNAJ
Description conventions aacr2
082 14 - DEWEY DECIMAL CLASSIFICATION NUMBER
Edition number 14
Classification number 158.1
100 1# - MAIN ENTRY--PERSONAL NAME
9 (RLIN) 21878
Personal name Stamateas, Bernardo
245 10 - TITLE STATEMENT
Title Quiero un cambio :
Remainder of title principios para alcanzar tu máximo potencial /
Statement of responsibility, etc Bernardo Stamateas.
260 ## - PUBLICATION, DISTRIBUTION, ETC. (IMPRINT)
Place of publication, distribution, etc Buenos Aires :
Name of publisher, distributor, etc Javier Vergara Editor,
Date of publication, distribution, etc 2010.
300 ## - PHYSICAL DESCRIPTION
Extent 203 p.
650 #0 - SUBJECT ADDED ENTRY--TOPICAL TERM
9 (RLIN) 9049
Topical term or geographic name as entry element AUTOAYUDA
942 ## - ADDED ENTRY ELEMENTS (KOHA)
Source of classification or shelving scheme Dewey Decimal Classification
Item type Libro, folleto, traducción
980 ## - EQUIVALENCE OR CROSS-REFERENCE-SERIES STATEMENT--PERSONAL NAME/TITLE [LOCAL, CANADA]
Linkage 2
Personal name Virginia Figueroa
Field link and sequence number 2
Miscellaneous information Virginia Figueroa
Holdings
Withdrawn status Lost status Source of classification or shelving scheme Damaged status Not for loan Home library Current library Date acquired Source of acquisition Total Checkouts Total Renewals Full call number Barcode Date last seen Date last borrowed Price effective from Koha item type
    Dewey Decimal Classification     Biblioteca Central Biblioteca Central 01/09/2025 Donación 1 1 158.1 STAq UNAJ25090007 17/10/2025 26/09/2025 01/09/2025 Libro, folleto, traducción

Lunes a Viernes 8:30 a 19:00 hs. Cerrado por mudanza
Av.Calchaqui 6200 Florencio Varela (CP188) 2°piso Edificio Mosconi Aula 209-210
Mail: bibliotecacentralunaj@gmail.com  
Whatsapp(54 9)1122668024    ❔Pregunte a la bibliotecaria
© Universidad Nacional Arturo Jauretche | Secretaría Académica | Biblioteca Central UNAJ